书目信息 |
| 题名: |
英语专业八级考试写作特训
|
|
| 作者: | 金莉 主编 ;何静 , 苏蕴文 , 王发明 编著 | |
| 分册: | ||
| 出版信息: | 北京 机械工业出版社 2007.08 |
|
| 页数: | 207页 | |
| 开本: | 23cm | |
| 丛书名: | 英语专业八级考试系列丛书 | |
| 单 册: | ||
| 中图分类: | H315 | |
| 科图分类: | ||
| 主题词: | 英语--ying yu--写作--高等学校--教学参考资料 | |
| 电子资源: | ||
| ISBN: | 978-7-111-21971-2 | |
| 000 | 01192nam 2200301 450 | |
| 001 | 012008562937 | |
| 005 | 20080115084710.14 | |
| 010 | @a978-7-111-21971-2@dCNY19.00 | |
| 100 | @a20080114d2007 em y0chi0120 ea | |
| 101 | 0 | @achi@aeng |
| 102 | @aCN@b110000 | |
| 105 | @ay z 000yy | |
| 106 | @ar | |
| 200 | 1 | @a英语专业八级考试写作特训@Aying yu zhuan ye ba ji kao shi xie zuo te xun@f金莉主编@Fjin li zhu bian@g何静, 苏蕴文, 王发明编著@Ghe jing,su yun wen,wang fa ming bian zhu |
| 210 | @a北京@c机械工业出版社@d2007.08 | |
| 215 | @a207页@d23cm | |
| 225 | 2 | @a英语专业八级考试系列丛书@Aying yu zhuan ye ba ji kao shi xi lie cong shu |
| 330 | @a本书紧扣最新专业八级考试大纲,深入剖析专业八级写作考试的特点、难点,分为专业八级写作考试概述、实用写作技巧精讲、真题范文、精选范文四部分。 | |
| 410 | 0 | @12001 @a英语专业八级考试系列丛书 |
| 516 | 1 | @aTEM8写作特训@ATEM8 xie zuo te xun |
| 606 | 0 | @a英语@Aying yu@x写作@x高等学校@j教学参考资料 |
| 690 | @aH315@v4 | |
| 701 | 0 | @a金莉@Ajin li@4主编 |
| 702 | 0 | @a何静@Ahe jing@4编著 |
| 702 | 0 | @a苏蕴文@Asu yun wen@4编著 |
| 702 | 0 | @a王发明@Awang fa ming@4编著 |
| 801 | 0 | @aCN@bQSSK@c20080115 |
| 905 | @b278145-47@dH315@eJ783@f3 | |
| 英语专业八级考试写作特训/金莉主编/何静, 苏蕴文, 王发明编著.-北京:机械工业出版社,2007.08 |
| 207页;23cm.-(英语专业八级考试系列丛书) |
| ISBN 978-7-111-21971-2:CNY19.00 |
| 本书紧扣最新专业八级考试大纲,深入剖析专业八级写作考试的特点、难点,分为专业八级写作考试概述、实用写作技巧精讲、真题范文、精选范文四部分。 |
| ● |
| 相关链接 |
|
|
|
正题名:英语专业八级考试写作特训
索取号:H315/J783
 
预约/预借
| 序号 | 登录号 | 条形码 | 馆藏地/架位号 | 状态 | 备注 |
| 1 | 278145 | 202781454 | 语言库209/209语言库 37排1列1层/ [索取号:H315/J783] | 在馆 | |
| 2 | 278146 | 202781463 | 语言库209/209语言库 37排1列1层/ [索取号:H315/J783] | 在馆 | |
| 3 | 278147 | 202781472 | 语言库209/209语言库 37排1列1层/ [索取号:H315/J783] | 在馆 |